000 00852nam a22002777a 4500
003 PE SENCICO BE
005 20251020182633.0
008 230307b |||||||| |||| 00| 0 eng d
040 _aPE SENCICO BE
_cPE SENCICO BE
041 _aspa
082 _a747
_bO7
110 1 _9345
_aOrganización Cultural Innova
245 1 _aNuevas tendencias :
_bmelamine lineal 2017 /
_cOrganización Cultural Innova
250 _a1a ed.
260 _aLima :
_bSuper Gráfica,
_c2017
300 _a247 p. :
_bil. col., lams., fotog.,
_c24 cm.
650 1 4 _925
_aDecoración de interiores
650 2 4 _9757
_aMelamine
650 2 4 _944
_aDiseño de interiores
650 2 4 _99
_aEspacios interiores
650 2 4 _9239
_aMuebles
650 2 4 _9758
_aCamas
650 2 4 _9759
_aEstantes
910 _bhfp
_chfp
942 _2ddc
_cLIB
_h747
_iO7
999 _c4046
_d4046